|
|
|
|
| LEADER |
01131cam a22003254a 4500 |
| 001 |
1212234 |
| 005 |
20230122180930.0 |
| 008 |
990217s1999 nyua i 001 0 eng |
| 010 |
|
|
|a 99012965
|
| 020 |
|
|
|a 039304839X
|
| 035 |
|
|
|a (DLC) 99012965
|
| 040 |
|
|
|a DLC
|c DLC
|d DLC
|
| 042 |
|
|
|a pcc
|
| 050 |
0 |
0 |
|a HB3716
|b .K76 1999
|
| 082 |
0 |
0 |
|a 338.5/42
|2 21
|
| 100 |
1 |
|
|a Krugman, Paul R.
|
| 245 |
1 |
4 |
|a The return of depression economics /
|c Paul Krugman.
|
| 250 |
|
|
|a First edition
|
| 260 |
|
|
|a New York :
|b W.W. Norton,
|c c1999.
|
| 300 |
|
|
|a xiv, 176 pages :
|b illustrations ;
|c 22 cm.
|
| 500 |
|
|
|a Includes index.
|
| 541 |
|
|
|a Donated By Akbar Ali Khan
|e 40525
|
| 650 |
|
0 |
|a Recessions
|x History
|y 20th century.
|9 53413
|
| 650 |
|
0 |
|a Business cycles
|x History
|y 20th century.
|9 53414
|
| 650 |
|
0 |
|a Economic history
|y 1990-
|
| 852 |
|
|
|a Ayesha Abed Library
|c Akbar Ali Khan Collection
|
| 942 |
|
|
|2 ddc
|c BK
|
| 984 |
|
|
|a gsl
|
| 999 |
|
|
|c 45476
|d 45476
|
| 952 |
|
|
|0 0
|1 0
|2 ddc
|4 0
|6 338_542000000000000_KRU
|7 1
|9 73045
|a BRACUL
|b BRACUL
|c AAKC
|d 2023-01-22
|g 3590.61
|l 0
|o 338.542 KRU
|p 3010040525
|r 2023-01-22
|t 1
|v 3590.61
|w 0000-00-00
|y BK
|x $33.99
|